Представление документа в формате RUSMARC

ПолеНазваниеЗначение
  Тип записи a
  Библиографический уровень m
001 Контрольный номер 9131d270ce2d4f76878a09562dbaa495
005 Дата корректировки 20251219142945.0
010 Индекс ISBN __
a ISBN 978-5-465-03635-1
9 Тираж 8000 экз.
b Уточнения в пер.
d Цена 140-00
100 Данные общей обработки __
a Данные общей обработки 20250430d2018 cd y0rusy028902 ca
101 Язык документа 0_
a Язык текста rus
102 Страна публикации __
a Страна публикации RU
105 Кодированные данные (монография) __
a Кодированные данные (монография) a z 000ay
181 Поле кодированных данных: вид содержания _0
a Код вида содержания (ISBD) i
182 Поле кодированных данных: тип средства _0
a Код типа средства (ISBD) n
200 Заглавие и сведения об ответственности 1_
a Заглавие Сын полка
e Сведения, относящиеся к заглавию [повесть] : для детей среднего и старшего школьного возраста
f Первые сведения об ответственности Валентин Катаев
g Последующие сведения об ответственности художник М. Ищенко
203 Вид содержания и тип средства __
a Вид содержания Текст
c Тип средства непосредственный
210 Выходные данные 1_
a Место издания Реутов
c Издательство Омега
d Дата издания 2018
215 Физическое описание __
a Объем 254 с., [4] л. цв. ил.
c Иллюстрации/тип воспроизводства ил.
d Формат 21 см
225 Серия 2_
a Серия Школьная библиотека
300 Общие примечания __
a Общие примечания Текст произведения печатается без сокращений
330 Аннотация __
a Аннотация Война – это всегда горе. Но еще большим горем она становится тогда, когда в ней принимают участие дети. Главный герой одного из самых известных произведений Валентина Катаева повести "Сын полка" - двенадцатилетний крестьянский мальчик Ваня Солнцев, у которого война отняла все: родных и близких, дом и само детство. Оставшись сиротой, он попадает в артиллерийскую батарею. Разведчики и орудийцы становятся для него новой семьей, а блиндаж – новым домом. Наравне со взрослыми солдатами он преодолевает тяготы и опасности военного времени, помогая приблизить Великую Победу. Повесть адресована ребятам среднего школьного возраста. Выдержав множество переизданий и экранизацию, она и сегодня продолжает учить современных мальчишек и девчонок очень важным вещам: дружбе и уважению, честности и справедливости, стойкости и взаимовыручке.
333 Примечание о целевом назначении __
a Примечание о целевом назначении 12+. Для детей старше 12 лет
606 Тематические рубрики __
a Основная рубрика Художественная литература
2 Код системы nlr_sh
606 Тематические рубрики __
a Основная рубрика Русская литература XX в. (произведения)
2 Код системы nlr_sh
610 Ключевые слова 0_
a Ключевые слова Ваня Солнцев
610 Ключевые слова 0_
a Ключевые слова детская литература
610 Ключевые слова 0_
a Ключевые слова литературные герои
610 Ключевые слова 0_
a Ключевые слова литературные персонажи
610 Ключевые слова 0_
a Ключевые слова повести
610 Ключевые слова 0_
a Ключевые слова прозаики
610 Ключевые слова 0_
a Ключевые слова советская литература
610 Ключевые слова 0_
a Ключевые слова тема Великой Отечественной войны
610 Ключевые слова 0_
a Ключевые слова Великая Отечественная война
610 Ключевые слова 0_
a Ключевые слова тема военного детства
610 Ключевые слова 0_
a Ключевые слова тема войны
610 Ключевые слова 0_
a Ключевые слова тема мальчиков
610 Ключевые слова 0_
a Ключевые слова тема помощи
610 Ключевые слова 0_
a Ключевые слова тема сиротства
686 Индексы других классификаций __
2 Код системы rubbks
a Классификационный индекс ст84(2=411.2)6-4
700 Автор _1
a Фамилия Катаев
b Имя В. П.
f Даты 1897-1986
g Полное личное имя Валентин Петрович
4 Код отношения 070
702 Вторичная интеллектуальная ответственность _1
a Фамилия Ищенко
b Имя М.
g Полное личное имя Мария
4 Код отношения 440
801 Источник записи _0
a Страна RU
b Организация Муниципальное бюджетное учреждение культуры "Централизованная библиотечная система" г. Сургут (Центральная городская библиотека им. А. С. Пушкина)
c Дата составления 20250430
g Правила каталогизации PSBO
801 Источник записи _1
a Страна RU
b Организация Муниципальное бюджетное учреждение культуры "Централизованная библиотечная система" г. Сургут (Центральная городская библиотека им. А. С. Пушкина)
c Дата составления 20250430
g Правила каталогизации PSBO
852 Данные о местонахождении __
j Шифр хранения ст84(2=411.2)6-4
i Авторский знак К 29
900 Макрообъекты __
a Макрообъекты Сын полка. Катаев, В., 2018
901 Тип документа __
t Тип документа m
a Ответственный ООФиК/Волкова
903 Характеристики (МАРС) __
a Дата передачи 20250430
c Наименование библиотеки (МАРС) Муниципальное бюджетное учреждение культуры "Централизованная библиотечная система" г. Сургут (Центральная городская библиотека им. А. С. Пушкина)
969 Тип издания __
a Тип издания издание для детей
990 Данные о заказе (DOS) __
j Количество экземпляров (DOS) 1
t N записи в КСУ для И/У (DOS) 202505